000 00248nam a2200085Ia 4500
245 0 _aSexually transmitted diseases
100 _a NAFF, Clay Farris Detroit [Mich.], [c.2009] 1st ed
942 _cBK
008 210818s9999 xx 000 0 und d
999 _c430002
_d430001